00683nam a2200193Ia 4500008004100000020001500041041001200056082001600068100001800084245010500102250000800207260002500215300000800240650001600248700002000264942000700284999001500291952018300306221030s9999 xx 000 0 und d a8120311299 aEnglish a105.23bPro aJ. G. Proakis 0aDigital Signal Processing - Principles, Algorithms & Applicationscby J. G. Proakis, D. G. Manolakis a3rd bPHIaNew Delhic1999 a968 aBE Computer aD. G. Manolakis cBK c2236d2236 pBE 929g275.00l1o105.23 Proq2023-07-21r2023-04-15 00:00:00s2023-04-15w2022-10-30yBK003Print4070aMIETLIBbMIETLIBcBL-First, FL-1, CUP-50, SH-1, R-1d2000-02-0410HBE